000 01073nam a2200277Ia 4500
005 20250425161704.0
008 250425s9999 xx 000 0 und d
020 _a9686642196
041 _aspa
082 _a630.338
100 _aMOLNAR, JOSEPH J.
245 0 _aTRANSFERENCIA DE TECNOLOGIA PARA LA PRODUCCION DE ALIMENTOS A LOS PAISES EN DESARROLLO
250 _a1A ED.
260 _aMEXICO
260 _aMéxico
_bGERNIKA
_c1986
300 _a202
500 _aConsultar inv. D-7655 en BIBTECEN CIBGZ-FIMCP 50121
_10.35 OCT.31.03 PARA ING. AGROP. Y TECN. AGRICOLA.
520 _aEXPLORA LOS PROBLEMAS SOCIALES, ECONOMICOS Y POLITICOS ASOCIADOS A LA INTRODUCCION DE NUEVA TECNOLOGIA AGRICOLA Y DE ACUACULTURA EN LOS PAISES EN DESARROLLO, SE EXAMINAN TRES FACETAS GENERALES DE LA PLANIFICACION PARA LA TRANSFERENCIA DE TECNOLOGIA, Y SE
650 _aCAMBIO TECNOLOGICO
650 _aDESARROLLO AGRICOLA
650 _aPAISES EN DESARROLLO
650 _aTRANSFERENCIA DE TECNOLOGIA
700 _aCLONTS, HOWARD A.
942 _c01
010 _a25908
999 _c214122
_d214122